00813nam a2200217 a 450000500170000000800410001704000250005804100080008304400070009108200180009810000180011624501710013426000630030530000410036865000360040965000280044565000260047365000360049965000330053571000270056820200104041508.0140219b1987 ne d fr|||| 00| 0 spa d aCO-BoIAVHcCO-BoIAVH0 aspa ack04a354.334bM99c1 aMyers, Norman1 aConservación de la naturaleza a nivel mundial :bel aspecto científico /cDiscurso pronunciado por Norman Myers Ph.D. Profesor en conservación de la Naturaleza. aUtrecht :bFundación Leserstoel Prins Bernhasrd ,c1987. a21 páginas :bCuadros;c21 x15 cm.06aConservación de la naturaleza06aAgotamiento de recursos06aCambios climáticos.06aBiología de la conservación04aConservación internacional2 aUniversidad de Utrecht